Camino, verdad y vida. La moral católica. Edición femenina (5º Curso de Bachillerato).

Gespeichert in:
Bibliographische Detailangaben
1. Verfasser: Benlloch Ibarra, Eduardo. Autor
Weitere Verfasser: Tejedor Campomanes, César. Autor
Format: keine Angabe
Sprache:Spanisch
Erschienen: Madrid S.M. 1965
Katalog:MANES:  Suchergebnis im Bibliothekskatalog
Schulbuchspezifische Eigenschaften:
Tags: Tag hinzufügen
Keine Tags, Fügen Sie den ersten Tag hinzu!
Hinzugefügt zu:26.04.2016

MARC

LEADER 000000000a22000000004500
001 10660
003 OSt
008 160427s sp ||||| |||| 00| 0 spa d
040 |c centro_manes 
041 1 |a spa 
691 0 |a SE 
100 1 |a Benlloch Ibarra, Eduardo. Autor  |9 5984 
700 1 |a Tejedor Campomanes, César. Autor  |9 6060 
245 0 0 |a Camino, verdad y vida. La moral católica. Edición femenina (5º Curso de Bachillerato). 
260 3 |a Madrid  |b S.M.  |c 1965 
300 |a 248 p.  |c 21 x 15 cm 
500 |a Aprobado por el M.E.N. 13 de Julio de 1964 (B.O. M.E.N. 23 de Julio de 1964). 
690 7 |a RyM 
942 |2 ddc  |c BK 
546 |a España 
999 |c 16634  |d 16634 
999 |c manes:16634  |d 16634